LEADER 04551nam 22008895 450 001 9910502979103321 005 20260401112722.0 010 $a3-030-84340-8 024 7 $a10.1007/978-3-030-84340-3 035 $a(CKB)4100000012027358 035 $a(MiAaPQ)EBC6728977 035 $a(Au-PeEL)EBL6728977 035 $a(OCoLC)1268441025 035 $a(PPN)258051094 035 $a(BIP)81630405 035 $a(BIP)80849994 035 $a(DE-He213)978-3-030-84340-3 035 $a(EXLCZ)994100000012027358 100 $a20210803d2021 u| 0 101 0 $aeng 135 $aurcnu|||||||| 181 $ctxt$2rdacontent 182 $cc$2rdamedia 183 $acr$2rdacarrier 200 10$aComputer Information Systems and Industrial Management $e20th International Conference, CISIM 2021, E?k, Poland, September 24?26, 2021, Proceedings /$fedited by Khalid Saeed, Ji?í Dvorský 205 $a1st ed. 2021. 210 1$aCham :$cSpringer International Publishing :$cImprint: Springer,$d2021. 215 $a1 online resource (497 pages) 225 1 $aInformation Systems and Applications, incl. Internet/Web, and HCI,$x2946-1642 ;$v12883 311 08$a3-030-84339-4 320 $aIncludes bibliographical references and index. 327 $aInvited Paper -- Biometrics and Pattern Recognition Applications -- Computer Information Systems and Security -- ICBAKE 2021 Workshop -- Industrial Management and other Applications -- Machine Learning and Artificial Neural Networks -- Modelling and Optimization. 330 $aThis book constitutes the proceedings of the 20th International Conference on Computer Information Systems and Industrial Management Applications, CISIM 2021, held in E?k, Poland, September 24?26, 2021. The 38 papers presented together with 1 invited speech and 3 abstracts of keynotes were carefully reviewed and selected from 69 submissions. The main topics covered by the chapters in this book are mobile and pervasive computing, machine learning, high performance computing, image processing, industrial management. Additionally, the reader will find interesting papers on computer information systems, biometrics, security systems, and sensor network service. The contributions are organized in the following topical sections: biometrics and pattern recognition applications; computer information systems and security; industrial management and other applications; machine learning and artificial neural networks; modelling and optimization, and others. Chapter 24 "A first step towards automated species recognition from camera trap images of mammals using AI in a European temperate forest" is published open access under a CC BY license (Creative Commons Attribution 4.0 International License). . 410 0$aInformation Systems and Applications, incl. Internet/Web, and HCI,$x2946-1642 ;$v12883 606 $aApplication software 606 $aArtificial intelligence 606 $aComputer engineering 606 $aComputer networks 606 $aComputers 606 $aSoftware engineering 606 $aComputer and Information Systems Applications 606 $aArtificial Intelligence 606 $aComputer Engineering and Networks 606 $aComputer and Information Systems Applications 606 $aComputing Milieux 606 $aSoftware Engineering 606 $aProgramari d'aplicació$2thub 606 $aIntel·ligència artificial$2thub 606 $aEnginyeria de programari$2thub 606 $aXarxes d'ordinadors$2thub 608 $aLlibres electrònics$2thub 615 0$aApplication software. 615 0$aArtificial intelligence. 615 0$aComputer engineering. 615 0$aComputer networks. 615 0$aComputers. 615 0$aSoftware engineering. 615 14$aComputer and Information Systems Applications. 615 24$aArtificial Intelligence. 615 24$aComputer Engineering and Networks. 615 24$aComputer and Information Systems Applications. 615 24$aComputing Milieux. 615 24$aSoftware Engineering. 615 7$aProgramari d'aplicació 615 7$aIntel·ligència artificial 615 7$aEnginyeria de programari 615 7$aXarxes d'ordinadors 676 $a004.6 702 $aSaeed$b Khalid 702 $aHomenda$b W?adys?aw 801 0$bMiAaPQ 801 1$bMiAaPQ 801 2$bMiAaPQ 906 $aBOOK 912 $a9910502979103321 996 $aComputer Information Systems and Industrial Management$91947570 997 $aUNINA